000 00551nam a2200181 4500
001 109500
003 ES-MaACL
005 20260214172104.0
007 t|
008 061121s1963 sp r ||||1| spa d
100 1 _aMulisch, Harry.
_984109
245 1 3 _aLa cama de piedra /
_cHarry Mulisch; traducción del neerlandés por P.M. Lorda Alaiz.
260 _aBarcelona :
_bSeix Barral,
_c1963.
300 _a213 p. ;
_c18 cm.
700 1 _aLorda Alaiz, F. M.,
_d1918-1992
_974084
852 _aES-MaACL
_jC-23545
_bR.52196
999 _c109500
_d109500